000 00514nam a2200181Ia 4500
005 20230330101435.0
008 131103s9999 xx 000 0 und d
040 _aLoreto College
041 _aEnglish
082 _a822.91
_bSYN
100 _aPrice,Alan
245 _aEmerald apex
_b a selection from J.M.Synge's studies of Irish people and places
_cAlan Price
260 _aLondon
_bBlackie
_c1966
300 _axxii,130 p.
504 _aIncludes bibliographical references
850 _aLCLIB
942 _cBK
999 _c4444
_d54923